000 00630cab a2200193 4500
001 ABS39595
008 090401t1988 xxu||||| |||| 00| 0 eng d
035 _a(Sirsi) u17646
041 _aeng
100 _aRussell, L.
245 _aDiscovering geotextiles
260 _c1988
350 _a0
490 _aNew Civil Engineer
_v(801) 4 August 1988, 29-44(9)
520 _aReports on current developments and research into the use of geotextiles in construction projects and reviews a selection of the wide range of products available.
690 _aBUILT ENVIRONMENT-BUILDING MATERIALS
942 _n0
948 _c04/03/1997
999 _c11698
_d11698